Statistics for Scottish hills / mountains: which county?

Click here to take the quiz!

General Stats

  • This quiz has been taken 12 times
  • The average score is 8 of 15

Answer Stats

HillCouncil area% Correct
Arthur's SeatCity of Edinburgh
86%
Ben NevisHighland
86%
Beinn MheadhoinMoray
71%
Ben LawersPerth and Kinross
71%
Cairn ToulAberdeenshire
57%
MerrickDumfries and Galloway
57%
Blackhope ScarScottish Borders
57%
DrieshAngus
43%
Ben CruachanArgyll and Bute
43%
West LomondFife
43%
Tinto HillSouth Lanarkshire
43%
Goat FellNorth Ayrshire
29%
Ronas HillShetland
29%
Ben A'anStirling
29%
ClishamWestern Isles
29%

Score Distribution

Percentile by Number Answered

Percent of People with Each Score

Your Score History

You have not taken this quiz